000 00207 a2200097 4500
001 14060
100 _aHarrison G.B
245 _aBook of english poetry
260 _a
_bPenguin bo
_c
090 _c11013
_d11013
942 _aNUST-CAE
_cM
_c1130
999 _c249133
_d249133